000 00453nam a2200169 a 4500
001 6916
005 20180713190807.0
008 140415s1970 000 0 spa d
041 _aspa
082 _a001.6
_bJUS
100 1 _aJUSSEAUME, LEO J. A.
245 1 0 _aPROCESAMIENTO DE DATOS ANALISIS DE SISTEMAS
250 _a2a ed.
260 _a[s.l.] :
_bTRILLAS,
_c1970
300 _a256
650 1 4 _aPRECESAMIENTO ELECTRONICO DE DATOS
999 _c6916
_d6916